000 00524nam a2200169 a 4500
001 000034177
005 20200930070836.0
008 110926s1967 mx 000 0 spa d
040 _aDO-SdBNP
_bspa
_cBNPHU
100 1 _aJones, Arthur Frederick
_959600
245 1 0 _aCuidado y educación de los perros /
_cArthur Frederick Jones; traducción de Juan Carlos Barrera.
250 _a9a ed.
260 _aMéxico :
_bDiana,
_c1967.
300 _a327 p. ;
_c23 cm.
700 1 _aBarrera, Juan Carlos
_etr.
_959601
049 _aBNPD
999 _c33668
_d33668